000 00239nam a2200097Ia 4500
008 230508s2012 xx 000 0 und d
041 _aeng
100 _aNAGPAL.G.R.
245 _aMACHINE TOOL ENGINEERING
260 _bKHANNA PUBLISHERS
_c2012
999 _c340350
_d340350